000 00448 a2200145 4500
005 20250404113907.0
020 _a81-224-1840-6
082 _a519.56 RAJ
100 _aRAJAGOPALAN, V.
245 _aSelected Statistical Tests.
260 _aNew Delhi,
_bNew Age International (P) Limited,
_c2006.
300 _aix,248p.: ill.; figure, table
_bReferences
_c24cm
856 _yAccess Online Book
_fMathematics
_dwww.newagepublishers.com
942 _2ddc
_cBKS
999 _c1148
_d1148